01579cam a2200313 a 450000100060000000300080000600500170001400800410003103500190007204000270009104100080011808200270012610000500015324500450020326000380024830000260028650000970031250000890040950000200049850400320051865000470055065000480059794200120064599900170065795201570067495201530083195201430098495201380112736309BD-RjUL20211209052452.0140619s1963 pk b 001 0 eng d a(BD-RjUL)36406 aNUNbengcNUNdBD-RjUL aeng04a342.5491219bCHD 19631 aChoudhury, G. W.q(Golam Wahed),d1926-9653110aDemocracy in Pakistan /cG.W. Choudhury. aDacca :bGreen Book House,c1963. axix, 309 p. ;c25 cm. aPublished under the auspices of the Social Sciences Research Committee, University of Dacca. aIssued in co-operation with the Publications Centre, University of British Columbia. aIncludes index. aBibliography: p. [297]-306. 0aPakistan xConstitutional history.9125833 0aPakistan xPolitics and government.9125834 2ddccBK c36309d36309 00102ddc40708NFICaRUCLbRUCLcReadingd1966-02-08eAligarh Library, Rajshahi.g8.26l0o342.5491 CHD 1963r2014-06-19 00:00:00tC-6w2021-12-09yBK 00102ddc40708NFICaRUCLbRUCLcStackd1966-12-08eRoyal book companyl4o342.5491 CHD 1963r2018-04-09 00:00:00s2018-03-18tC-3w2021-12-09yBK 00102ddc40708NFICaRUCLbRUCLcStackd1966-12-08eRoyal book co.g8.00l0o342.5491 CHD 1963r2021-09-21 00:00:00tC-2w2021-09-21yBK 00102ddc40718NFICaRUCLbRUCLcReadingd1966-12-08eRoyal Bk. Co.l0o342.5491 CHD 1963r2022-06-02 00:00:00tC-1w2022-06-02yBK